| 000 | 02163cam a22005054i 4500 | ||
|---|---|---|---|
| 003 | PE-LiUPU | ||
| 005 | 20250731173004.0 | ||
| 008 | 150623s r 000 0 d | ||
| 020 | _a1575060337 | ||
| 035 | _a(Sirsi) i9781575060330 | ||
| 040 |
_aPE-LiUPU _bspa _cPE-LiUPU _erda |
||
| 049 | _aPRUA | ||
| 082 | 0 | 4 |
_a221.830 58 _bS73 _221 |
| 100 | 1 |
_aSparks, Kenton L., _eautor. |
|
| 245 | 1 | 0 |
_aEthnicity and identity in ancient Israel : _bprolegomena to the study of ethnic sentiments and their expression in the Hebrew Bible / _cKenton L. Sparks. |
| 264 | 1 |
_aWinona Lake, Indiana : _bEisenbrauns, _c1998. |
|
| 300 |
_a344 páginas : _bilustraciones, cuadros ; _c24 centímetros |
||
| 336 |
_atext _2rdacontent |
||
| 337 |
_aunmediated _2rdamedia |
||
| 338 |
_avolume _2rdacarrier |
||
| 505 | 0 | _aEthnicity and Identity in Israel`s Ancient Context.- Merneptah`s Stele and Deborah`s Song.- Ethnicity and Identity in the Asseyrian Period.- Ethnicity and Identity in the Judean Monarchy.- Ethnicity and Identity in the Exilic Period. | |
| 526 | _aSEG42 | ||
| 526 | _aSEG41 | ||
| 526 | _aSEG40 | ||
| 526 | _aSEG39 | ||
| 526 | _aP94 | ||
| 526 | _aP87 | ||
| 526 | _aP86 | ||
| 526 | _aP85 | ||
| 526 | _aP77 | ||
| 526 | _aP76 | ||
| 526 | _aP35 | ||
| 630 |
_aBiblia. _pO.T. _xCrítica científica social. |
||
| 650 | 0 | 4 |
_aJudios _xIdentidad _vHistoria. |
| 650 | 0 | 4 | _aOrigen étnico en la Biblia. |
| 942 |
_2ddc _cBOOK |
||
| 949 |
_a221.830 58 S73 _wDEWEY _c1 _i45655 _lCCODEBUL1 _mBUL _r0 _sY _tBOOK _u2015-6-24 _xTEOLOGIA _PP35 _0COMPRA _o.STAFF. Colección General |
||
| 949 |
_a221.830 58 S73 _wDEWEY _c2 _i47243 _lCCODEBUL1 _mBUL _r0 _sY _tBOOK _u2015-6-24 _xTEOLOGIA _PP35 _0COMPRA _o.STAFF. Colección General |
||
| 994 |
_aC0 _bPEPRU |
||
| 596 | _a1 | ||
| 999 |
_a221.830 58 S73 _wDEWEY _c22531 _i45655 _f2021-11-9 _g5 _lCCODEBUL1 _mBUL _r0 _sY _tBOOK _u2015-6-24 _xTEOLOGIA _PP35 _0COMPRA _o.STAFF. Colección General _d22531 |
||
| 999 |
_a221.830 58 S73 _wDEWEY _c2 _i47243 _d2019-10-18 _f2021-11-9 _g5 _lCCODEBUL1 _mBUL _q1 _r0 _sY _tBOOK _u2015-6-24 _xTEOLOGIA _PP35 _0COMPRA _o.STAFF. Colección General |
||
| 980 |
_81 _gALBERTO SANCHEZ Responsable de Automatización |
||